Statistiques concernant Apôtres de Jésus

Cliquez ici pour prendre le quiz!

Statistiques générales

  • Ce quiz a été pris 92 fois
  • Le résultat moyen est 6 sur 12

Statistiques - réponses

HintRéponse% Correct
4Jean
91%
1Pierre
91%
12Judas
82%
8Matthieu
73%
7Thomas
61%
11Simon
59%
2André
36%
6Barthelemy
28%
5Philippe
26%
10Jude
24%
3Jacques le majeur
16%
9Jacques le mineur
16%

Distribution des résultats

Percentile par nombre de réponses

% des personnes avec chaque résultat

Votre développement - résultats

Vous n’avez pas pris ce quiz